000 00542nam a2200217Ia 4500
001 12588
003 GE_BSU
008 181216s||||||||xx |||||||||||||| ||und||
020 _a0141014966
040 _cGE_BSU
080 _a821.111-32
100 _aPelzer,Dave
245 4 _aThe Privilege of Youth
245 4 _bThe Inspirational Story of a Teenager's Search for Friendship and Acceptance
260 _aLondon
260 _bPenguin Books
260 _c2005
300 _a240p.189cm.
653 _aThe Privilege of Youth
942 _cBK
999 _c45761
_d45761